[Event "AUT-ch Vor4 Internet"]
[Site "Playchess.com INT"]
[Date "2020.04.25"]
[Round "2"]
[White "Hofer, Martin"]
[Black "Hiebner, Carina"]
[Result "0-1"]
[WhiteElo "1603"]
[BlackElo "1561"]
[PlyCount "44"]
[EventDate "2020.04.25"]
[EventType "swiss (blitz)"]
[EventRounds "9"]
[EventCountry "AUT"]
[SourceTitle "EXT 2021"]
[Source "ChessBase"]
[SourceDate "2020.10.23"]
[SourceVersion "1"]
[SourceVersionDate "2020.10.23"]
[SourceQuality "1"]

1. e4 d6 2. d4 Nf6 3. Nc3 g6 4. Nf3 Bg7 5. Be3 0-0 6. Bd3 Nbd7 7. 0-0 e5 8. d5 a5 9. Qd2 Ng4 10. Bg5 Ngf6 11. Bh6 Nc5 12. Bxg7 Kxg7 13. h4 Nxd3 14. cxd3 Bd7 15. g3 Bh3 16. Rfe1 Bg4 17. Nh2 Bd7 18. f4 Nh5 19. Kf2 exf4 20. g4 Qxh4+ 21. Kg1 Bxg4 22. Qxf4 Nxf4 0-1

[Event "AUT-ch Vor4 Internet"]
[Site "Playchess.com INT"]
[Date "2020.04.25"]
[Round "3"]
[White "Soelkner, Julian"]
[Black "Hofer, Martin"]
[Result "1-0"]
[WhiteElo "1484"]
[BlackElo "1603"]
[PlyCount "59"]
[EventDate "2020.04.25"]
[EventType "swiss (blitz)"]
[EventRounds "9"]
[EventCountry "AUT"]
[SourceTitle "EXT 2021"]
[Source "ChessBase"]
[SourceDate "2020.10.23"]
[SourceVersion "1"]
[SourceVersionDate "2020.10.23"]
[SourceQuality "1"]

1. Nf3 d6 2. g3 e5 3. Bg2 Nf6 4. 0-0 Be7 5. c4 0-0 6. Nc3 c6 7. d4 e4 8. Nd2 d5 9. cxd5 cxd5 10. b3 Nc6 11. e3 a6 12. Bb2 Be6 13. Rc1 Qd7 14. Ne2 Bh3 15. Nf4 Bxg2 16. Kxg2 h6 17. Rc2 Nb4 18. Rc1 Nxa2 19. Rc2 Nb4 20. Rc1 g5 21. Ne2 Nd3 22. Rc2 Rfc8 23. Rh1 Qf5 24. f4 Ng4 25. Nf1 Ngf2 26. Qd2 Qh3+ 27. Kg1 Nxh1 28. fxg5 Bxg5 29. Nf4 Nhf2 30. Nxh3 1-0

[Event "AUT-ch Vor2 Internet"]
[Site "Playchess.com INT"]
[Date "2020.04.13"]
[Round "7"]
[White "Buchner, Martin"]
[Black "Hofer, Martin"]
[Result "0-1"]
[WhiteElo "1777"]
[BlackElo "1603"]
[PlyCount "54"]
[EventDate "2020.04.13"]
[EventType "swiss (blitz)"]
[EventRounds "9"]
[EventCountry "AUT"]
[SourceTitle "CBM 195 Extra"]
[Source "ChessBase"]
[SourceDate "2020.05.31"]
[SourceVersion "1"]
[SourceVersionDate "2020.05.31"]
[SourceQuality "1"]

1. d4 d5 2. Nf3 Nf6 3. e3 a6 4. Bd3 Nc6 5. c3 e6 6. Nbd2 Bd6 7. 0-0 0-0 8. e4 dxe4 9. Nxe4 Be7 10. Bg5 Nxe4 11. Bxe7 Qxe7 12. Bxe4 Bd7 13. Bc2 g6 14. Re1 Qf6 15. h3 Rad8 16. Ne5 Nxe5 17. Rxe5 Bc6 18. Be4 Bxe4 19. Rxe4 Rd5 20. Qe2 Rfd8 21. Re1 c5 22. dxc5 Rd2 23. Qe3 Rxb2 24. Rd4 Rc8 25. Red1 Rxa2 26. Qh6 Qxf2+ 27. Kh1 Qxg2# 0-1

[Event "AUT-ch Vor2 Internet"]
[Site "Playchess.com INT"]
[Date "2020.04.13"]
[Round "9"]
[White "Miazhynski, Alexander"]
[Black "Hofer, Martin"]
[Result "1-0"]
[WhiteElo "1535"]
[BlackElo "1603"]
[PlyCount "55"]
[EventDate "2020.04.13"]
[EventType "swiss (blitz)"]
[EventRounds "9"]
[EventCountry "AUT"]
[SourceTitle "CBM 195 Extra"]
[Source "ChessBase"]
[SourceDate "2020.05.31"]
[SourceVersion "1"]
[SourceVersionDate "2020.05.31"]
[SourceQuality "1"]

1. e4 d5 2. exd5 Nf6 3. Nc3 Nxd5 4. Nf3 Bg4 5. g3 Nxc3 6. bxc3 Nc6 7. Bg2 e5 8. 0-0 e4 9. Qe1 Qe7 10. Nd4 Nxd4 11. cxd4 0-0-0 12. Bxe4 f5 13. Bg2 Rxd4 14. Rb1 c6 15. d3 Qd7 16. Be3 Ra4 17. Qc3 Ra3 18. Rb3 Rxb3 19. Qxb3 g6 20. Bxa7 Bd6 21. Bd4 Rd8 22. Rb1 Bxg3 23. hxg3 b5 24. Be3 Qd6 25. Qc3 Kd7 26. Bf4 Qe6 27. Re1 Qxa2 28. Qxc6# 1-0

[Event "AUT-ch Vor1 Internet"]
[Site "Playchess.com INT"]
[Date "2020.04.11"]
[Round "7"]
[White "Steirer, Gerhard"]
[Black "Hofer, Martin"]
[Result "1-0"]
[WhiteElo "1854"]
[BlackElo "1603"]
[PlyCount "43"]
[EventDate "2020.04.11"]
[EventType "swiss (blitz)"]
[EventRounds "9"]
[EventCountry "AUT"]
[SourceTitle "CBM 195 Extra"]
[Source "ChessBase"]
[SourceDate "2020.05.31"]
[SourceVersion "1"]
[SourceVersionDate "2020.05.31"]
[SourceQuality "1"]

1. e4 d5 2. exd5 Nf6 3. d4 Nxd5 4. c4 Nf6 5. Nc3 e6 6. Nf3 Be7 7. Be3 0-0 8. Bd3 h6 9. Qd2 Nc6 10. 0-0-0 Nb4 11. Bb1 a5 12. h3 c6 13. g4 Nh7 14. Bxh6 b5 15. c5 Nd5 16. Nxd5 Qxd5 17. Qd3 f5 18. Bxg7 Kxg7 19. gxf5 exf5 20. Rhg1+ Kh8 21. Ne5 Ng5 22. Ng6+ 1-0

[Event "AUT-ch Vor1 Internet"]
[Site "Playchess.com INT"]
[Date "2020.04.11"]
[Round "9"]
[White "Thummer, Philipp"]
[Black "Hofer, Martin"]
[Result "1/2-1/2"]
[WhiteElo "1207"]
[BlackElo "1603"]
[PlyCount "93"]
[EventDate "2020.04.11"]
[EventType "swiss (blitz)"]
[EventRounds "9"]
[EventCountry "AUT"]
[SourceTitle "CBM 195 Extra"]
[Source "ChessBase"]
[SourceDate "2020.05.31"]
[SourceVersion "1"]
[SourceVersionDate "2020.05.31"]
[SourceQuality "1"]

1. e4 d5 2. exd5 Nf6 3. Nc3 Nxd5 4. Bc4 e6 5. Nf3 Be7 6. 0-0 0-0 7. b3 Bf6 8. Bb2 Nxc3 9. Bxc3 Bxc3 10. dxc3 Qf6 11. Qd4 Qe7 12. Rad1 Nc6 13. Qf4 b6 14. Ne5 Nxe5 15. Qxe5 Bb7 16. Rd2 Rad8 17. Rfd1 Rxd2 18. Rxd2 Rd8 19. Bd3 c5 20. Qe3 Qf6 21. Bf1 g6 22. Rxd8+ Qxd8 23. Qd3 Qe7 24. f3 Kg7 25. Kf2 Qc7 26. g3 f6 27. Be2 e5 28. Qe3 f5 29. Bc4 e4 30. f4 Qd6 31. Ke2 Bc6 32. Qd2 Qe7 33. Bd5 Bb5+ 34. c4 Bd7 35. Qc3+ Kh6 36. Qe5 Qxe5 37. fxe5 Kg7 38. Ke3 Kf8 39. Kf4 h6 40. h4 Ke7 41. a4 Be6 42. c3 a6 43. b4 Kd7 44. Ke3 Ke7 45. Kf4 Kd7 46. Ke3 Ke7 47. Kf4 1/2-1/2